Presidents Who Lost a Presidential Election - Statistics

General Stats
  • This quiz has been taken 195 times
    142 since last reset
  • The average score is 13 of 17
Answer Stats
Election Lost President % Correct
1796 Thomas Jefferson
94%
2020 Donald Trump
91%
1800 John Adams
90%
1980 Jimmy Carter
89%
1992 George H.W. Bush
88%
1976 Gerald Ford
85%
1932 Herbert Hoover
85%
1960 Richard Nixon
85%
1912 Theodore Roosevelt
84%
1912 (incumbent) William Howard Taft
79%
1824 Andrew Jackson
75%
1888 Grover Cleveland
69%
1828 John Quincy Adams
65%
1892 Benjamin Harrison
62%
1840, 1848 Martin Van Buren
56%
1856 Millard Fillmore
55%
1836 William Henry Harrison
50%
No matching quizzes found
Score Distribution
Percent of People with Each Score
Percentile by Number Answered
Your Score History
You have not taken this quiz since the last reset